00847nam a2200265Ia 450000100060000000300090000600800410001504000130005604000130006904100130008210000110009510000290010624500630013524500630019825000110026126000090027226000100028126000490029130000430034050000950038365000250047865000310050370000200053470000270055441901IT-RoPAU130308s9999 xx 000 0 und d aIT-RoPAU cIT-RoPAU aITALIANO aAA.VV. gCodice Aut. SPICS: 12000 aNote schedario su spettacoli sotto il profilo C.S. (69/70) bNote schedario su spettacoli sotto Il profilo C.S. (69/70) a1a ed. aROMA bCiscs c1970 [1° Ed.:1970 - Ed.Ling.Originale:1970] a"246 p. (prefazione: no ; testo: 246)" aAppunti su Film Televisione Teatro spettacoli sotto Il profilo della Comunicazione Sociale aSCHEDE FILMOGRAFICHE eCodice materia Spics: 6814 aTaddei Nazareno gCodice Aut. SPICS: 890